Los amores del diablo en Alhué. Acontecimiento estraordinario fantástico i diabólico

Պահպանված է:
Մատենագիտական մանրամասներ
Հիմնական հեղինակ: Rosales, Justo Abel (Հեղինակ)
Ձևաչափ: Գիրք
Լեզու:իսպաներեն
Հրապարակվել է: Santiago Centro editorial La Prensa 1900
Հրատարակություն:2a. ed
Խորագրեր:
Ցուցիչներ: Ավելացրեք ցուցիչ
Չկան պիտակներ, Եղեք առաջինը, ով նշում է այս գրառումը!

MARC

LEADER 00000nam a2200000 a 4500
001 UCJ3976
003 CL-VaPUC
008 070124e19000000CL |||||||||||||||||spa|d
082 0 4 |a Ch863  |b ROS  |2 21 
100 0 |a Rosales, Justo Abel  |e author  |9 506701 
245 1 4 |a Los amores del diablo en Alhué. Acontecimiento estraordinario fantástico i diabólico 
250 |a 2a. ed 
300 |a 205 p 
942 |c BK 
945 |d 20070124 00:00:00  |a rinostro 
260 |a Santiago  |b Centro editorial La Prensa  |c 1900 
500 |a Ilustraciones 
650 0 |a Novela chilena   |9 307631 
650 7 |a TRADICIONES  |2 CL-VaPUC  |9 367367 
650 7 |a LEYENDAS  |2 CL-VaPUC  |9 265258 
651 7 |a ALHUE  |2 CL-VaPUC  |9 265148 
583 |a last modification  |c 20070124 00:00:00  |k Rodrigo Vera 
999 |c 320094  |d 320092 
952 |0 0  |1 0  |4 0  |6 CH_863_000000000000000_ROS_1900  |7 0  |8 X  |9 398555  |a FDOBUD  |b FDOBUD  |d 2019-11-22  |i 1011677  |o Ch863 ROS 1900  |p 1011677  |r 2019-11-22  |w 2019-11-22  |y BK_X  |k BUD